000 00447nam a2200157 i 4500
001 79753
003 ES-MaACL
005 20230906174038.0
007 t|
008 041025s1936 ag ||||1| spa d
100 1 _aHerrero, Antonio.
_963257
245 1 0 _aImperialismo espiritual
_b: misión de la Argentina /
_cAntonio Herrero.
260 _aLa Plata :
_bOlivieri-Domínguez,
_c1936.
300 _a69 p. ;
_c20 cm.
852 _aES-MaACL
_j1827-F-4
999 _c79753
_d79753